000 00658nam a22001577a 4500
003 OSt
005 20151106155427.0
008 151105b xxu||||| |||| 00| 0 eng d
040 _cRUA
082 _aFOR UN 2000 B126 Or.1
100 _93418
_aUN, PISEY.
245 _aThe study of community forestry management in snampreah commune bakan district pursat province, សិក្សាការគ្រប់គ្រងសហគមន៍ព្រៃឈើនៅឃុំស្នាមព្រះ ស្រុកបាកាន ខេត្តពោធិ៍សាត់
260 _aPhnom Penh
_bRUA
_c2000
300 _a63p.
_bill.
_c29cm.
942 _2ddc
_cFOR
999 _c3188
_d3188